فلسطین کے چار ممتاز شعرا / (Record no. 108006)

MARC details
000 -LEADER
fixed length control field 00930nam a22002537a 4500
005 - DATE AND TIME OF LATEST TRANSACTION
control field 20170123162334.0
010 ## - LIBRARY OF CONGRESS CONTROL NUMBER
LC control number A-791541
020 ## - INTERNATIONAL STANDARD BOOK NUMBER
Terms of availability 60.00
035 ## - SYSTEM CONTROL NUMBER
System control number A-791541
037 ## - SOURCE OF ACQUISITION
Source of stock number/acquisition Cen Lib/Ret
040 ## - CATALOGING SOURCE
Original cataloging agency DPL
Language of cataloging UR
082 ## - DEWEY DECIMAL CLASSIFICATION NUMBER
Classification number 841.08
Item number ع ب د
100 ## - MAIN ENTRY--PERSONAL NAME
Personal name عبد الحق حققانی القسمی
9 (RLIN) 137097
245 ## - TITLE STATEMENT
Title فلسطین کے چار ممتاز شعرا /
Statement of responsibility, etc عبد الحق حققانی القسمی
246 ## - VARYING FORM OF TITLE
Title proper/short title Filisteen ke char mumtaz shora /
Remainder of title by Abdul Haq Haqqani Al Qasmi
260 ## - PUBLICATION, DISTRIBUTION, ETC. (IMPRINT)
Place of publication, distribution, etc نیی دہلی
Name of publisher, distributor, etc تخلیقکار پبلیکیشنز
Date of publication, distribution, etc 1995
270 ## - ADDRESS
City نیی دہلی
Address ١٧٧٩، کوچہ دکھنی رائی دریاگنج
Postal code 110002
300 ## - PHYSICAL DESCRIPTION
Extent 176p.
Dimensions 21cm(Hb)
650 ## - SUBJECT ADDED ENTRY--TOPICAL TERM
Topical term or geographic name as entry element ادب - اردو
9 (RLIN) 137098
650 ## - SUBJECT ADDED ENTRY--TOPICAL TERM
Topical term or geographic name as entry element اردو مضامین
9 (RLIN) 137099
650 ## - SUBJECT ADDED ENTRY--TOPICAL TERM
Topical term or geographic name as entry element Literature -- Urdu
9 (RLIN) 137100
650 ## - SUBJECT ADDED ENTRY--TOPICAL TERM
Topical term or geographic name as entry element Urdu Essays
9 (RLIN) 528
942 ## - ADDED ENTRY ELEMENTS (KOHA)
Source of classification or shelving scheme Dewey Decimal Classification
Koha item type Urdu Bks
Classification part 841.08
Call number suffix ع ب د
Holdings
Withdrawn status Lost status Damaged status Not for loan Home library Current library Date acquired Source of acquisition Cost, normal purchase price Total Checkouts Full call number Barcode Date last seen Copy number Cost, replacement price Price effective from Koha item type
        Central Library Central Library 13/01/2016 Cen Lib/Ret 60.00   841.08 ع ب د A-791541 13/01/2016 1 60.00 13/01/2016 Urdu Bks

© Delhi Public Library
Hit Counter
free hit counter